[Event "Ch Germany (juniors) (under 18)"]
[Site "Willingen (Germany)"]
[Round "1"]
[White "Walter Stefan (GER)"]
[Black "Gasthofer Alexander (GER)"]
[Result "0-1"]
[WhiteElo "2169"]
[BlackElo "2440"]

{ } 1.d4 { 1 } 1...Nf6 2.c4 d6 3.Nc3 Bf5 4.f3 e5 5.e4 exd4 { ? } ( 5...Bd7
6.d5 Be7 7.Be3 Na6 8.Qd2 O-O 9.O-O-O Nc5 10.g4 a6 11.Nge2 b5 12.Ng3 Rb8
13.cxb5 axb5 14.Nf5 b4 15.Ne2 Ba4 16.Re1 Nfd7 17.Neg3 Re8 18.Nxe7+ Qxe7 19.Nf5
Qf8 20.Kb1 Rb7 21.b3 Ra8 22.Bc4 Bb5 23.Bxb5 Rxb5 24.Rc1 Rba5 25.Bxc5 { ...0-1,
Barberi Alessandro 2180 - Efimov Igor 2445 , Salsomaggiore 1999 It (open) } )
6.Nb5 { } ( 6.Qxd4 Be6 7.b3 Nbd7 8.Nge2 Be7 9.Nf4 O-O 10.Be2 c6 11.Be3 Re8
12.Qd2 Nb6 13.O-O d5 14.cxd5 cxd5 15.Bb5 Rf8 16.e5 Nfd7 17.Bd4 Nb8 18.Rad1 Nc6
19.Bxc6 bxc6 20.Nd3 Bf5 21.Nc5 Nd7 22.N3a4 Re8 23.Qc3 Nxc5 24.Nxc5 Bf8 25.Rfe1
h6 { ...1-0, Karpov Anatoly 2760 - Duer Arne 2400 , Vienna 1993 Staatsliga } )
6...Be6 { N } ( 6...Bd7 7.Nxd4 g6 ( 7...Nc6 8.Nge2 Be7 9.Be3 O-O 10.Nxc6 Bxc6
11.Nd4 Bd7 12.Bd3 Re8 13.O-O c5 14.Ne2 Bc6 15.Nc3 Nd7 16.Qd2 a6 17.a4 Bf6
18.Be2 Qe7 19.Rfd1 Bxc3 20.Qxc3 f5 21.Bf4 fxe4 22.Bxd6 Qf7 23.Rf1 Qg6 24.Bg3
exf3 25.Bxf3 Bxf3 26.Rxf3 { ...1-0, Houdart Robert 2115 - Callens P, Belgium
1997 Ch Belgium (team) 1997/98 } ) 8.Nge2 Bg7 9.Bg5 O-O 10.Qd2 Nc6 11.Rd1 Qe8
12.Nb5 Rc8 13.Nec3 a6 14.Nxc7 Rxc7 15.Qxd6 Nxe4 16.Nxe4 Be5 17.Qd5 Be6 18.Qxe5
Nxe5 19.Nf6+ Kg7 20.Nxe8+ Rxe8 21.Kf2 Nxc4 22.Rc1 Rcc8 23.b3 Ne5 24.Be2 Bf5
25.Rhd1 f6 26.Be3 { ...1-0, Spiric Igor 2360 - Mihalj M Miroslav 2250 , Tivat
1995 Ch Yugoslavia (team) (2 liga) } ) ( 6...Bg6 7.Nxd4 Nbd7 8.Be3 Ne5 9.Be2
Qd7 10.Nh3 h6 11.O-O Be7 12.Nf4 Bh7 13.Nd5 c6 14.Nxf6+ Bxf6 15.f4 Ng6 16.Nf5
Rd8 17.Bxa7 Ne7 18.Bb6 Nxf5 19.Bxd8 Ne3 20.Qd3 Bxb2 21.Qxe3 Bxa1 22.Bb6 Bf6
23.Rd1 Qe6 24.e5 dxe5 25.Qa3 Qc8 26.Bg4 { ...1-0, Gretarsson Helgi Ass 2350 -
Garrido Fernandez Daniel 2250 , Warsaw 1991 Ch World (juniors) } ) ( 6...a6
7.Nxd4 Bd7 8.Bf4 Nc6 9.a3 g6 10.Be3 Ne5 11.Nge2 Nxc4 12.Bf2 Nxb2 13.Qc2 Na4
14.Nf4 Bg7 15.Bc4 O-O 16.Rc1 Nc5 17.O-O Ba4 18.Qd2 Nfxe4 19.fxe4 Nxe4 20.Qa2
Bd7 21.Nfe2 c6 22.Qc2 d5 23.Bd3 Nxf2 24.Rxf2 Bg4 25.Kh1 Qb6 26.Qc5 { ...0-1,
Kuveljic Bozidar - Brakus D, Belgrade 2003 It (open) } ) 7.Nxd4 Nc6 8.Be3 Be7
{ ?! } ( 8...Nxd4 { !? } 9.Bxd4 Be7 10.Qb3 c5 { } ) 9.Rc1 { ?! } ( 9.Nxe6 { !?
} 9...fxe6 10.Qb3 Qc8 11.Bd3 { } ) 9...Nxd4 10.Qxd4 c6 11.Ne2 O-O 12.Nc3 { ?!
} ( 12.Qd2 { !? } 12...d5 13.exd5 cxd5 14.Nf4 { } ) 12...d5 13.cxd5 cxd5
14.exd5 Bxd5 15.Bb5 a6 16.Ba4 b5 17.Bc2 Bc4 18.b3 Be6 19.O-O Rc8 20.Qxd8 Rfxd8
21.Nb1 { ?! } ( 21.Bb1 { !? } 21...Ba3 22.Rcd1 Rxd1 23.Nxd1 { } ) 21...Nd5
22.Bd2 Bc5+ 23.Kh1 Ne3 24.Bxe3 Bxe3 25.Rcd1 Rxd1 26.Rxd1 g5 27.Be4 Rc7 28.g4
Kg7 { ?! } ( 28...b4 { !? } 29.Kg2 Kg7 30.Kf1 a5 { } ) 29.Kg2 { ?! } ( 29.Na3
{ !? } 29...Bf4 30.Nc2 Re7 31.h3 { } ) 29...b4 30.h4 { ?! } ( 30.h3 { !? }
30...a5 31.Kf1 a4 32.Ke2 { } ) 30...gxh4 31.Kh3 Bg5 32.Rd4 a5 33.Nd2 Rc3
34.Nc4 a4 35.Rd3 Rc2 { ?! } ( 35...h6 { !? } 36.Nd6 Rc2 37.Rd4 Rxa2 { } )
36.Rd5 Bxd5 37.Bxc2 axb3 38.axb3 Bxf3 39.Ne5 { ?! } ( 39.Nd6 { !? } 39...Bd5
40.Nf5+ Kf6 41.Nxh4 { } ) 39...Bd5 40.Nd3 Be7 41.Nf4 Be6 { ? } ( { ? }
41...Bc6 42.Ng2 h5 43.Nxh4 hxg4+ { } ) 42.Bd1 { ? } ( { ? } 42.Nxe6+ fxe6
43.Be4 Bg5 44.Bd3 { } ) 42...h6 { ?! } ( 42...Bd7 { !? } 43.Nd5 Bd8 44.Nxb4 h5
{ } ) 43.Bc2 { ?! } ( 43.Nxe6+ { !? } 43...fxe6 44.Bc2 e5 45.Be4 { } )
43...Bg5 { ?! } ( 43...Bd7 { !? } 44.Nd5 Bg5 45.Nxb4 h5 { } ) 44.Nd3 { ? } ( {
? } 44.Nxe6+ fxe6 45.Be4 Kf7 46.Bd3 { } ) 44...h5 45.Bd1 Be7 46.Ne5 Kf6 47.Nc6
Bd7 { } {#R} 0-1

[Event "Dos Hermanas Qualifier (16-A)"]
[Site "Internet"]
[Date "2003.03.16"]
[Round "7"]
[White "Papadakis Michalis (GRE)"]
[Black "Schmidt Raul (ROM)"]
[Result "0-1"]
[WhiteElo "2059"]
[BlackElo "2216"]

1.d4 d6 2.c4 Nf6 3.Nc3 Bf5 4.f3 e5 5.e4 exd4 6.Qxd4 Be6 7.Bg5 Be7 8.Bd3 Nbd7
9.Nge2 O-O 10.O-O d5 11.Kh1 c5 12.Qf2 dxc4 13.Bc2 Nxe4 14.Nxe4 Bxg5 15.Nxc5
Nxc5 16.Qxc5 Qe7 17.Qf2 Bf6 18.Nc3 Rfd8 19.Rad1 a6 20.Be4 Qb4 21.a3 Qe7 22.Qb6
Rab8 23.Rfe1 Bxc3 24.bxc3 Rxd1 25.Rxd1 Qxa3 26.Bxb7 Rf8 27.h3 Qxc3 28.Bxa6 Qb3
29.Qd4 Qa4 30.Ra1 Qc6 31.Ra5 h6 32.Qc5 Qxc5 33.Rxc5 Rb8 34.Kh2 Rb4 35.Kg3 Kf8
36.Rxc4 Bxc4 {#R} 0-1

[Event "Ch Hungary (team) 2002/03"]
[Site "Hungary"]
[Date "2003.04.05"]
[Round "11"]
[White "Dobos Jozsef (HUN)"]
[Black "Szekeres Tibor (HUN)"]
[Result "1-0"]
[WhiteElo "2300"]
[BlackElo "2119"]

1.d4 Nf6 2.c4 d6 3.Nc3 Bf5 4.f3 e5 5.e4 exd4 6.Qxd4 Be6 7.Be3 Nc6 8.Qd2 Ne5
9.b3 g6 10.Nge2 Bg7 11.Nd4 O-O 12.Be2 a6 13.O-O c5 14.Nc2 Qa5 15.Rac1 Ne8
16.Ne1 Nc6 17.f4 Nd4 18.Bd3 f5 19.Nf3 Kh8 20.exf5 Bxf5 21.Bxf5 Nxf5 22.Bf2 Nf6
23.h3 h5 24.Nh4 Nxh4 25.Bxh4 Nh7 26.Qd3 g5 27.Be1 Rxf4 28.Rxf4 gxf4 29.Nd5 Qd8
30.Nxf4 Bd4+ 31.Kh1 Qg5 32.Bd2 Rg8 33.Qe2 Qg3 34.Nxh5 Qh4 35.Rf1 Ng5 36.Rf4
{#r} 1-0

[Event "It (open) (b)"]
[Site "Ditzingen (Germany)"]
[Date "2003.05.30"]
[Round "3"]
[White "Kittel Peter (GER)"]
[Black "Schuster Uli"]
[Result "1/2-1/2"]
[WhiteElo "1657"]
[BlackElo "1806"]

1.d4 Nf6 2.c4 d6 3.Nc3 Bf5 4.f3 Nbd7 5.e4 Bg6 6.Bd3 e5 7.d5 Be7 8.f4 exf4
9.Bxf4 O-O 10.Nf3 Nc5 11.Qe2 Nxd3+ 12.Qxd3 Qd7 13.h3 Rae8 14.O-O-O Nh5 15.g3
Bf6 16.Nd4 Re7 17.Qf3 Rfe8 18.Rhe1 Nxf4 19.gxf4 a6 20.f5 Bxd4 21.fxg6 Bxc3
22.gxf7+ Rxf7 23.Qxc3 Rf4 24.e5 dxe5 25.Rxe5 Rxe5 26.Qxe5 Rxc4+ 27.Kb1 Qf7
28.Qe2 Rc5 29.Rf1 Qd7 30.Qf3 Qe7 31.Qb3 Qe4+ 32.Ka1 Qxd5 33.Qb4 b6 34.Qf4 h6
35.h4 Qc4 36.Qf8+ Kh7 37.a3 Qxh4 38.Qa8 a5 39.Rh1 Qd4 40.Qe8 Qe5 41.Qa4 Qd5
42.Rd1 Qc6 43.Qf4 Qf6 44.Qe4+ Qf5 45.Qg2 b5 46.Rg1 g6 47.Rf1 Qd7 48.Qh2 b4
49.Qg3 Rd5 50.Rc1 c5 51.Qb3 a4 52.Qe3 Rd3 53.Qxc5 bxa3 54.Qc7 axb2+ 55.Kxb2
a3+ 56.Ka2 Qxc7 57.Rxc7+ Kg8 58.Rb7 h5 59.Re7 h4 60.Rc7 h3 61.Rb7 h2 62.Rb8+
Kh7 63.Rb1 Kh6 64.Rg1 hxg1=Q {#d} 1/2-1/2

[Event "Cup Rilton"]
[Site "Stockholm (Sweden)"]
[Round "8"]
[White "Agafonov Yuri (LAT)"]
[Black "Milanovic Danilo (SRB)"]
[Result "0-1"]
[WhiteElo "2211"]
[BlackElo "2434"]

1.d4 Nf6 2.c4 d6 3.Nc3 Bf5 4.f3 e5 5.dxe5 dxe5 6.Qxd8+ Kxd8 7.e4 Be6 8.Be3 c6
9.O-O-O+ Kc7 10.g4 Na6 11.g5 Nh5 12.a3 Bc5 13.Bd2 Be7 14.b4 Rhd8 15.Be3 Rxd1+
16.Kxd1 Nb8 17.Kc2 a5 18.Kb3 axb4 19.axb4 b5 20.Na2 bxc4+ 21.Bxc4 Bxc4+
22.Kxc4 Rxa2 23.Nh3 Ra3 {#R} 0-1

[Event "It (open)"]
[Site "Belgrade (Yugoslavia)"]
[Date "2004.01.24"]
[Round "4"]
[White "Jovanovic Sasa T (SRB)"]
[Black "Mihajlovic Miodrag (SRB)"]
[Result "1/2-1/2"]
[WhiteElo "2286"]
[BlackElo "2247"]

1.d4 Nf6 2.c4 d6 3.Nc3 Bf5 4.f3 e6 5.e4 Bg6 6.Be3 c6 7.d5 exd5 8.cxd5 cxd5
9.Bb5+ Nbd7 10.Nxd5 Qa5+ 11.b4 Qd8 12.Ne2 Be7 13.Rc1 Nxd5 14.Qxd5 O-O 15.Qxb7
Bh4+ 16.g3 Ne5 17.O-O Rb8 18.Qd5 Bg5 19.f4 Ng4 20.Bxa7 Be7 21.f5 Bh5 22.a4 Bg5
23.Nf4 Nf6 24.Qd3 Bxf4 25.Rxf4 Rc8 26.Rcf1 Qe7 27.Bd4 Ng4 28.Qe2 Nf6 29.Bxf6
Qxf6 30.Qxh5 Rc2 31.Qd1 Rfc8 32.R4f2 R2c3 33.Rd2 Qg5 34.Re2 Qf6 35.Qd5 h5
36.e5 dxe5 37.Qxe5 Qb6+ 38.Kg2 h4 39.f6 Rc2 40.Rff2 Qb7+ 41.Qe4 h3+ 42.Kf3
R8c3+ 43.Re3 Rxe3+ 44.Kxe3 Qb6+ 45.Qd4 Qe6+ {#d} 1/2-1/2

[Event "It (open)"]
[Site "Sofia (Bulgaria)"]
[Date "2004.04.25"]
[Round "5"]
[White "Vankov Julian (BUL)"]
[Black "Vasilev Rosen (BUL)"]
[Result "1-0"]
[WhiteElo "2258"]
[BlackElo "1995"]

1.d4 Nf6 2.c4 d6 3.Nc3 Bf5 4.f3 Nc6 5.e4 Bd7 6.d5 Ne5 7.f4 Ng6 8.Nf3 e5 9.f5
Ne7 10.Bd3 c6 11.O-O c5 12.Be3 a6 13.Qe2 Ng4 14.Bd2 Ng8 15.h3 N4f6 16.g4 h6
17.a4 b6 18.Qg2 Nh7 19.h4 Be7 20.g5 Nf8 21.Kf2 Qc7 22.Ke2 Rb8 23.Nh2 hxg5
24.hxg5 f6 25.g6 b5 26.axb5 axb5 27.cxb5 c4 28.Bc2 Bd8 29.Nf3 Ne7 30.Rh1 Rg8
31.Be3 Nc8 32.Qf2 Ke7 33.Ba4 Qb7 34.Nd2 Nb6 35.Bc2 Ra8 36.Rxa8 Nxa8 37.Ra1 Nb6
38.Ra6 Bxb5 39.Rxb6 Bxb6 40.Bxb6 Qa6 41.Ndb1 Nd7 42.Be3 Qb7 43.Qh2 Nf8 44.Kd2
Ba6 45.Kc1 Nd7 46.Ba4 Qc8 47.Bxd7 Qxd7 48.Na3 Qe8 49.Qc2 Rh8 50.Qa4 Qxa4
51.Nxa4 Rh1+ 52.Kc2 Re1 53.Kd2 Rh1 54.Nc3 Rh2+ 55.Kc1 Rh1+ 56.Kd2 Rh4 {#r} 1-0

[Event "Match \"]
[Site "Celje (Slovenia)"]
[Date "2004.05.15"]
[Round "1"]
[White "Podkriznik Gregor (SLO)"]
[Black "Marangunic Srdjan (CRO)"]
[Result "1/2-1/2"]
[WhiteElo "2373"]
[BlackElo "2423"]

1.d4 d6 2.c4 Nf6 3.Nc3 Bf5 4.f3 e5 5.e4 exd4 6.Nd5 Be6 7.Qxd4 Be7 8.Ne2 c5
9.Qd1 Nxd5 10.cxd5 Bc8 11.Nc3 O-O 12.Bd3 Nd7 13.O-O Ne5 14.Bc2 a6 15.a4 Rb8
16.Qe2 Bf6 17.Kh1 Ng6 18.f4 Bd7 19.a5 Bd4 20.Be3 Qf6 21.Qd2 Rfe8 22.Rae1 Bxe3
23.Rxe3 Nf8 24.Qe1 Qd8 25.e5 Qxa5 26.e6 fxe6 27.dxe6 Bxe6 28.f5 Bf7 29.f6 Rxe3
30.Qxe3 gxf6 31.Nd5 Bg6 32.Nxf6+ Kh8 33.Bxg6 Nxg6 34.Nxh7 Kxh7 35.Qh3+ Kg7
36.Qd7+ {#d} 1/2-1/2

[Event "Ch Paris (open)"]
[Site "Paris (France)"]
[Date "2004.07.11"]
[Round "9"]
[White "David Alberto (LUX)"]
[Black "Kengis Edvins (LAT)"]
[Result "1-0"]
[WhiteElo "2573"]
[BlackElo "2543"]

{ David Alberto (LUX) +0 =1 -0 } 1.d4 { 1 } 1...Nf6 2.c4 d6 3.Nc3 ( 3.Nf3 g6
4.Nc3 Bf5 5.Nh4 Bd7 6.e4 e5 7.Nf3 exd4 8.Nxd4 Bg7 9.Be2 O-O 10.O-O Re8 11.f3
Nc6 12.Nxc6 bxc6 13.Bg5 { 1/2-1/2, David Alberto 2580 - Belkhodja Slim 2445 ,
Evry 2003 It (a) } ) 3...Bf5 4.f3 e5 5.d5 { ? = } ( 5.e4 exd4 6.Qxd4 Be6 7.b3
Nbd7 8.Nge2 Be7 9.Nf4 O-O 10.Be2 c6 11.Be3 Re8 12.Qd2 Nb6 13.O-O d5 14.cxd5
cxd5 15.Bb5 Rf8 16.e5 Nfd7 17.Bd4 Nb8 18.Rad1 Nc6 19.Bxc6 bxc6 20.Nd3 Bf5
21.Nc5 Nd7 22.N3a4 Re8 23.Qc3 Nxc5 24.Nxc5 Bf8 { ...1-0, Karpov Anatoly 2760 -
Duer Arne 2375 , Vienna 1993 Staatsliga } ) 5...Be7 ( 5...e4 6.Qd4 Bg6 7.Nh3
Na6 8.fxe4 Nb4 9.Qd1 a5 10.Nf2 Be7 11.g3 Nd7 12.Bg2 Bf6 13.Bd2 h5 14.Rb1 Ne5
15.a3 Na6 16.Nd3 h4 17.Bf4 Qe7 18.Nxe5 Bxe5 19.Bxe5 Qxe5 20.Qd3 Nc5 21.Qe3 Kf8
22.O-O hxg3 23.hxg3 Re8 24.Rf4 Kg8 25.b4 { ...0-1, Van Der Werf Mark 2410 -
Georgiev Vladimir 2525 , Andorra 1997 It (open) } ) 6.e4 Bg6 7.Be3 O-O 8.Bd3
Nbd7 9.Nge2 c6 10.O-O { } 10...Qb8 { N } ( 10...Qc7 11.b4 c5 12.b5 Ne8 13.g4
Qd8 14.a4 Bg5 15.Bxg5 Qxg5 16.Qc1 Qxc1 17.Rfxc1 { 1/2-1/2, Wexler Francisco -
Rubinetti Jorge 2438 , Buenos Aires 1965 Ch Club Argentino } ) ( 10...cxd5
11.cxd5 a6 12.Rc1 b5 13.Qd2 Rc8 14.a3 Nc5 15.Bc2 h6 16.Na2 Ncd7 17.Nb4 Nb8
18.Bd3 Nfd7 19.Rxc8 Qxc8 20.Rc1 Qd8 21.Nc6 Nxc6 22.Rxc6 Nc5 23.Bxc5 dxc5
24.Rxa6 c4 25.Bc2 Bd6 26.Nc3 Qb8 27.a4 bxa4 28.Nxa4 f5 29.exf5 Bxf5 30.Bxf5 {
...1-0, Bener Anna 2070 - Dittler Volkfried 1650 , Hamburg 1993 It (open) } )
11.b4 cxd5 12.cxd5 Rc8 13.Qb3 Bd8 14.Kh1 Bb6 15.Bd2 a6 16.Na4 Ba7 17.Nb2 Ne8
18.Nc4 f5 19.exf5 Bf7 20.Be4 Nef6 { ? } ( { ? } 20...b5 21.Ne3 Qb7 22.Rfc1
Rxc1+ { } ) 21.Rac1 Re8 { ?! } ( 21...b5 { !? } 22.Na5 Nb6 23.Nc6 Qb7 { } )
22.Qd3 Nb6 23.Ne3 { } ( 23.Nxb6 { !? } 23...Bxb6 24.g4 Rc8 25.g5 { } )
23...Na4 { ?? } ( { ? } 23...Rc8 24.Nc3 Nbd7 25.Nc4 Qc7 { } ) 24.g4 { ? } ( {
? } 24.Ng4 Qd8 25.Bg5 Kh8 26.Qd2 { } ) 24...b5 { ?! } ( 24...Qd8 { !? } 25.Nc4
h6 26.Be1 Rc8 { } ) 25.g5 Nxe4 26.Qxe4 Bxe3 27.Bxe3 g6 28.Ng3 Nb2 { ?! } (
28...Rc8 { !? } 29.Qh4 Rxc1 30.Rxc1 Bxd5 { } ) 29.Qh4 { ! } ( 29.Nh5 { ? }
29...gxh5 30.g6 Nc4 31.gxf7+ { } ) 29...gxf5 30.Nxf5 Bg6 31.Nh6+ Kg7 32.f4 Nc4
33.f5 Nxe3 34.fxg6 Nxf1 35.Rxf1 Ra7 36.Nf7 { } {#r} 1-0

[Event "It (cat.10)"]
[Site "Lippstadt (Germany)"]
[Date "2004.07.26"]
[Round "3"]
[White "Koneru Humpy (IND)"]
[Black "Buhmann Rainer (GER)"]
[Result "1-0"]
[WhiteElo "2503"]
[BlackElo "2521"]

{ Buhmann Rainer (GER) +0 =1 -1 } 1.d4 Nf6 2.c4 d6 3.Nc3 Bf5 4.f3 e5 5.e4 exd4
( 5...Bd7 6.d5 Be7 7.Be3 Na6 8.Qd2 O-O 9.O-O-O Nc5 10.g4 a6 11.Nge2 b5 12.Ng3
Rb8 13.cxb5 axb5 14.Nf5 b4 15.Ne2 Ba4 16.Re1 Nfd7 17.Neg3 Re8 18.Nxe7+ Qxe7
19.Nf5 Qf8 20.Kb1 Rb7 21.b3 Ra8 22.Bc4 Bb5 23.Bxb5 Rxb5 24.Rc1 Rba5 25.Bxc5 {
...0-1, Barberi Alessandro 2180 - Efimov Igor 2445 , Salsomaggiore 1999 It
(open) } ) 6.Qxd4 { ? } ( 6.Nb5 Bg6 7.Nxd4 Nbd7 8.Be3 Ne5 9.Be2 Qd7 10.Nh3 h6
11.O-O Be7 12.Nf4 Bh7 13.Nd5 c6 14.Nxf6+ Bxf6 15.f4 Ng6 16.Nf5 Rd8 17.Bxa7 Ne7
18.Bb6 Nxf5 19.Bxd8 Ne3 20.Qd3 Bxb2 21.Qxe3 Bxa1 22.Bb6 Bf6 23.Rd1 Qe6 24.e5
dxe5 25.Qa3 Qc8 { ...1-0, Gretarsson Helgi Ass 2504 - Garrido Fernandez Daniel
2278 , Warsaw 1991 Ch World (juniors) } ) 6...Nc6 7.Qf2 ( 7.Qd2 Be6 8.b3 Be7
9.Bb2 O-O 10.Nge2 a5 11.Nf4 Nd7 12.Be2 Nc5 13.Ncd5 Bg5 14.g3 Bxd5 15.cxd5 Ne5
16.h4 Bh6 17.Qc3 f5 18.exf5 Rxf5 19.Ne6 Qe7 20.O-O Ng6 21.f4 Nxe6 22.dxe6 Raf8
23.Rf2 Nxh4 24.gxh4 Bxf4 25.Raf1 Be5 26.Rxf5 Rxf5 { ...1-0, Milov Vadim 2632 -
Adler Joel 2339 , Switzerland 2003 Ch Switzerland (team) 2003 } ) 7...Be6
8.Be3 { -0.18 CAP } ( 8.Nd5 Ne5 9.Qc2 Ned7 10.Ne2 g6 11.Nec3 Bg7 12.Be3 O-O
13.Be2 Nh5 14.g4 Nhf6 15.Nf4 Qe7 16.O-O-O Ne5 17.g5 Nfd7 18.Nfd5 Bxd5 19.Nxd5
Qd8 20.f4 Nc6 21.h4 Ne7 22.Nc3 Re8 23.h5 Nc6 24.hxg6 hxg6 25.Kb1 a5 26.c5 Qe7
27.cxd6 cxd6 { ...1-0, Aleksandrov Aleksej 2645 - Martinovic Slobodan 2440 ,
Bad Woerishofen 2001 It (open) } ) 8...g6 { N } ( 8...Ne5 9.b3 Be7 10.Rd1 (
10.Qd2 O-O 11.Nge2 Nfd7 12.Ng3 Nf6 13.Be2 c6 14.Rd1 Qa5 15.O-O Kh8 16.h3 Bd7
17.f4 Ng6 18.Qb2 Rfd8 19.Rd2 a6 20.Na4 c5 21.Nc3 b5 22.Qc2 bxc4 23.Bxc4 Be6
24.Rfd1 Nf8 25.Nf5 Bxf5 26.exf5 Kg8 27.g4 Re8 28.g5 { ...1-0, Rossetto Hector
2285 - Herrera, Cordoba 1970 } ) 10...O-O 11.Nge2 Nfd7 12.Nf4 Ng6 13.Nfd5 f5
14.Nxe7+ Nxe7 15.exf5 Nxf5 16.Bd3 Nxe3 17.Qxe3 Qh4+ 18.Qf2 Qh6 19.Nb5 Rac8
20.O-O Ne5 21.Rfe1 a6 22.Nd4 Rce8 23.Be4 Bc8 24.Qg3 Qf4 25.Qxf4 Rxf4 26.g3
Rff8 27.f4 Ng4 28.Bd5+ { ...1-0, Goregliad Sergei 2300 - Ritter Mark 2408 ,
Nassau 1992 Ch City (open) } ) ( 8...Be7 9.O-O-O O-O 10.Kb1 a6 11.g4 Ne5
12.Nd5 b5 13.Nxe7+ Qxe7 14.c5 Rfd8 15.cxd6 Rxd6 16.Rxd6 Qxd6 17.Be2 Bc4 18.Nh3
Nd3 19.Bxd3 Qxd3+ 20.Ka1 Rd8 21.Rc1 Rd7 22.Nf4 Qd6 23.b3 Be6 24.Qb2 Qb4
25.Nxe6 fxe6 26.Qe5 Qd6 27.Qxd6 Rxd6 28.Kb2 { ...1-0, Johannes Alex 2196 -
Meulders Richard 2295 , Belgium 1997 Ch Belgium (team) 1997/98 } ) 9.O-O-O Bg7
10.Kb1 a6 { ?! } ( 10...O-O { !? } 11.Nh3 Nd7 12.Nd5 Nb6 { } ) 11.Nh3 Nd7
12.Nd5 Nce5 13.Nhf4 b5 14.c5 dxc5 15.Bxc5 { ? } ( 15.Nc3 { ! } 15...c4 16.Qg3
O-O 17.h4 { } ) 15...Nxc5 16.Qxc5 c6 17.Nxe6 fxe6 18.f4 cxd5 { ? } ( { ? }
18...Nd7 19.Qxc6 exd5 20.e5 Rc8 { } ) 19.fxe5 Rc8 20.Qa3 Qe7 21.Qxa6 O-O
22.Be2 { ? } ( { ? } 22.Bxb5 Rb8 23.Rhf1 Rxf1 24.Rxf1 { } ) 22...Bxe5 23.exd5
exd5 24.Bg4 Rce8 { ? } ( { ? } 24...Rc5 25.Qe6+ Qxe6 26.Bxe6+ Kg7 { } )
25.Rhe1 Kh8 26.Qxb5 Qg7 { ?! } ( 26...Qc7 { !? } 27.Rc1 Qf7 28.Rf1 Qg8 { } )
27.Qe2 { ? } ( { ? } 27.Qxd5 Rf2 28.Rd2 Rxd2 29.Qxd2 { } ) 27...Re7 { ?! } (
27...Qb7 { !? } 28.Qc2 Rf6 29.Bf3 Rb6 { } ) 28.Bf3 { ? } ( { ? } 28.Rxd5 Bf6
29.Be6 Rfe8 30.Rc5 { } ) 28...Rb8 29.b3 Bf6 30.Qf2 Rxe1 31.Rxe1 Qc7 32.Qg3 Qb6
33.Bxd5 { ?! } ( 33.Rd1 { !? } 33...d4 34.Be2 Bg7 35.Bc4 { } ) 33...Rd8 34.Rd1
Qc5 35.Qf3 Kg7 { ?! } ( 35...Bg7 { !? } 36.Qd3 Qf2 37.Qc2 Qf6 { } ) 36.g4 Qe7
37.g5 Bxg5 38.Rf1 { ?! } ( 38.Bc4 { !? } 38...Rxd1+ 39.Qxd1 Qe4+ 40.Bd3 { } )
38...Qe5 39.Qf7+ Kh6 40.h4 { ?? } ( { ? } 40.Bb7 Bf6 41.Rxf6 Qe1+ 42.Kb2 { } )
40...Be3 { ?? } ( { ? } 40...Be7 41.Qf4+ Qxf4 42.Rxf4 Rxd5 { } ) 41.Bf3 { ?? }
( { ? } 41.Bb7 Rd2 42.Qf8+ Kh5 43.Qf3+ { } ) 41...Qc5 { ?? } ( { ? } 41...Bc5
42.Bg2 Rd2 43.Qf4+ Qxf4 { } ) 42.Be4 Qe5 43.Bc2 Bd2 { ? } ( { ? } 43...Qc3
44.Qc4 Qxc4 45.bxc4 Rd4 { } ) 44.h5 Qxh5 45.Be4 { ? } ( { ? } 45.Qb7 Re8
46.Bd1 Qe5 47.Rh1+ { } ) 45...Bg5 { ?? } ( { ? } 45...Be3 46.Bc2 Qd5 47.a4 Qg2
{ } ) 46.Rh1 Qxh1+ 47.Bxh1 Rd1+ 48.Kc2 Rxh1 49.Qf8+ { } {#r} 1-0

[Event "It (open)"]
[Site "Brno (Czech Republic)"]
[Date "2004.09.04"]
[Round "7"]
[White "Harasta Vladimir (SVK)"]
[Black "Malis Jiri (CZE)"]
[Result "1-0"]
[WhiteElo "2140"]
[BlackElo "2225"]

1.d4 Nf6 2.c4 d6 3.Nc3 Bf5 4.f3 e5 5.e4 exd4 6.Qxd4 Nc6 7.Qf2 Bd7 8.Nge2 Be7
9.Nf4 O-O 10.Be2 Nb4 11.O-O a5 12.a3 Na6 13.Be3 b6 14.Bd1 Nc5 15.b3 Be6 16.a4
Bc8 17.Bc2 Bb7 18.Rad1 Qc8 19.Rd2 Ne6 20.Rc1 Nxf4 21.Bxf4 Re8 22.Nd5 Bd8
23.Be3 Nd7 24.Bd4 Bxd5 25.cxd5 Bf6 26.Bxf6 Nxf6 27.Bd3 Re7 28.Bb5 Nd7 29.Bxd7
Qxd7 30.Rdc2 Ra7 31.Rc4 f6 32.R1c3 g6 33.Qc2 Rb7 34.h3 b5 35.axb5 Qxb5 36.Kh2
Qb6 37.Rc6 Qa7 38.Qd3 Kf7 39.Ra6 Qf2 40.Rxa5 h5 41.Qe3 Qxe3 42.Rxe3 f5 43.Ra4
f4 44.Rc3 g5 45.Kg1 Kf6 46.Kf2 Rg7 47.Rac4 Ke5 48.b4 Ra7 49.Rc2 g4 50.hxg4
hxg4 51.b5 Ra3 52.R4c3 Ra5 53.Rb3 Ra1 54.fxg4 Kxe4 55.b6 cxb6 56.Rxb6 Rg6
57.Rd2 Ra4 58.Rb8 Rd4 59.Re8+ Kxd5 60.Rxd4+ Kxd4 61.Kf3 d5 62.Kxf4 Rf6+ 63.Kg3
Kc3 64.Rd8 d4 65.g5 Rf5 66.Kg4 Rf2 67.g3 d3 68.g6 Rf6 69.Kg5 Rf3 70.g4 {#r}
1-0

[Event "Cup Russia \"]
[Site "Internet"]
[Date "2004.09.07"]
[Round "0"]
[White "Dragomarezkij Evgeni (RUS)"]
[Black "Potapov Alexander (RUS)"]
[Result "1-0"]
[WhiteElo "2467"]
[BlackElo "2206"]

1.d4 Nf6 2.c4 d6 3.Nc3 Bf5 4.f3 e5 5.e4 Bg6 6.d5 Be7 7.Be3 a5 8.Qd2 Nfd7
9.O-O-O f5 10.exf5 Bxf5 11.Nge2 Na6 12.Ng3 Bg6 13.Nge4 b6 14.Bd3 O-O 15.Kb1
Nb4 16.Ka1 Nxd3 17.Qxd3 Nc5 18.Bxc5 bxc5 19.a4 Qd7 20.Nb5 Rf4 21.Rhe1 Raf8
22.Re2 Bd8 23.Ka2 Rh4 24.h3 Rhf4 25.Nbc3 Qe8 26.Qc2 h6 27.Qb3 Bh7 28.Qb5 Bg6
29.Qxa5 Qd7 30.Qb5 Qc8 31.Ra1 Be8 32.Qb3 Qa6 33.Kb1 Be7 34.Kc2 Bd7 35.Nb5 Rc8
36.Qd3 Rff8 37.b3 Qb7 38.Kb2 Ra8 39.Kc2 Rfb8 40.Nec3 Be8 41.f4 c6 42.dxc6 Bxc6
43.fxe5 dxe5 44.Rd1 Rd8 45.Nd5 Bf8 46.Rxe5 Qf7 47.Qf5 Qxf5+ 48.Rxf5 Rd7 49.Re1
Rad8 50.Nbc3 Kh7 51.Re6 Bb7 52.g4 Bd6 53.h4 Bg3 54.h5 Bh4 55.Kb2 Rd6 56.Rxd6
Rxd6 57.Ne4 Re6 58.Nxc5 Re2+ 59.Ka3 Bc8 60.Rf4 Bg5 61.Re4 Rd2 62.Ne6 Bh4 63.a5
Rd1 64.b4 Bb7 65.Rd4 Ra1+ 66.Kb3 Rb1+ 67.Ka4 Re1 68.Nc5 Bc8 69.b5 Bf2 70.Re4
Ra1+ 71.Kb4 Rb1+ 72.Nb3 Be1+ 73.Nc3 Bb7 74.Rxe1 Rxe1 75.a6 Bf3 76.b6 Re6 77.c5
Bxg4 78.b7 Re8 79.a7 Bf3 80.b8=Q Re1 81.Qf4 Bxh5 82.a8=Q Bg6 83.Ne4 {#r} 1-0

[Event "It (open)"]
[Site "Fouesnant (France)"]
[Date "2004.10.23"]
[Round "1"]
[White "Blazquez Denis (FRA)"]
[Black "Roche Yves (FRA)"]
[Result "1-0"]
[WhiteElo "2169"]
[BlackElo "2059"]

1.d4 d6 2.c4 Nf6 3.Nc3 Bf5 4.f3 c6 5.e4 Bc8 6.Be3 g6 7.Qd2 Bg7 8.Bd3 Ng8
9.Nge2 h5 10.O-O-O Nd7 11.h3 b6 12.f4 Bb7 13.e5 Nf8 14.Qc2 Bc8 15.Ne4 d5
16.Ng5 Nh6 17.cxd5 cxd5 18.Qc6+ Bd7 19.Qxd5 e6 20.Qb3 Nf5 21.Be4 Rc8+ 22.Kb1
Nxe3 23.Qxe3 {#r} 1-0

[Event "It (open)"]
[Site "Vandoeuvre (France)"]
[Round "1"]
[White "Grandmougin Olivier (FRA)"]
[Black "Shirazi Kamran (FRA)"]
[Result "0-1"]
[WhiteElo "2110"]
[BlackElo "2389"]

1.d4 Nf6 2.c4 d6 3.Nc3 Bf5 4.f3 e5 5.e4 exd4 6.Nb5 Be6 7.Nxd4 c5 8.Nc2 Nc6
9.Bd3 Ne5 10.Ne3 b5 11.b3 Qa5+ 12.Ke2 Qc3 13.Rb1 Rb8 14.Bb2 Qa5 15.a3 Nxd3
16.Qxd3 Be7 17.f4 O-O 18.f5 bxc4 19.bxc4 Bd7 20.Nf3 Bc6 21.Nd5 Bxd5 22.exd5
Rfe8 23.Kf2 Qa4 24.Bxf6 Bxf6 25.Rxb8 Rxb8 26.Rb1 Rxb1 27.Qxb1 h6 28.Qe4 a5
29.Ne1 Bd4+ 30.Kf3 Qxa3+ 31.Nd3 Kf8 32.Kg4 Qb3 33.Nf4 a4 34.Nh5 a3 35.f6 Qd1+
36.Kh4 g5+ {#R} 0-1

[Event "It (open)"]
[Site "Velika Gorica (Croatia)"]
[Date "2005.08.23"]
[Round "5"]
[White "Babic Bozidar (CRO)"]
[Black "Pandurevic Miro (CRO)"]
[Result "1-0"]
[WhiteElo "2028"]
[BlackElo "2236"]

1.d4 Nf6 2.c4 d6 3.Nc3 Bf5 4.f3 e5 5.dxe5 dxe5 6.Qxd8+ Kxd8 7.e4 Be6 8.Bg5 Nd7
9.O-O-O c6 10.f4 exf4 11.Bxf4 Ng4 12.Nh3 Bc5 13.Re1 f6 14.b3 g5 15.Bd2 Kc7
16.Nd1 Nde5 17.Bc3 Rhd8 18.Kc2 Rd7 19.Be2 Rad8 20.Rhf1 Nd3 21.Bxd3 Rxd3 22.Rf3
R3d7 23.Nhf2 Bd4 24.h3 Nxf2 25.Nxf2 b5 26.cxb5 cxb5 27.Bxd4 Rxd4 28.Rxf6 Rd2+
29.Kc3 R8d4 30.a3 Kd6 31.Re3 Ke5 {#r} 1-0

[Event "It \"]
[Site "Berlin (Germany)"]
[Date "2005.09.26"]
[Round "4"]
[White "Klugow Eckehard"]
[Black "Rohrbach Stephan"]
[Result "0-1"]
[WhiteElo "1649"]
[BlackElo "1879"]

1.d4 Nf6 2.c4 d6 3.Nc3 Bf5 4.f3 e5 5.d5 e4 6.g4 Nxg4 7.fxg4 Qh4+ 8.Kd2 Qxg4
9.e3 Qh4 10.Qe1 Qe7 11.Nge2 Nd7 12.Ng3 Bg6 13.Bg2 Ne5 14.b3 f5 15.Qf1 Qf6
16.Nge2 Be7 17.Nf4 Bf7 18.h4 O-O-O 19.Bb2 g6 20.Kc2 h6 21.Nb5 g5 22.Ne6 Bxe6
23.dxe6 c5 24.Nxa7+ Kb8 25.Nb5 Qxe6 26.Qe1 Bf6 27.Qa5 Nc6 28.Qc7+ Ka8 29.Qb6
Rd7 30.Rad1 Bxb2 31.Kxb2 Qe5+ 32.Kb1 g4 33.Rd2 Rhd8 34.Rhd1 Qg3 35.a4 Qxe3
36.Kb2 Qg3 37.a5 Qe5+ 38.Kb1 Qg3 39.Rb2 d5 40.a6 dxc4 41.axb7+ Kb8 42.Rxd7
Qe1+ 43.Ka2 Nb4+ 44.Ka3 Qa1+ {#R} 0-1